000 00487nam a2200169Ia 4500
003 3228
005 20240715124416.0
008 210817s9999 xx ed 000 1 AFR d
020 _a9780795923630
_qHardcover (hbk)
040 _aRDA
_c3228
082 _aLP AF HENN
100 _aHenning, Nan
_96103
245 0 _aWaar die Alpekrokus blom
_cNan Henning; Omslagontwerp: Ben Viljoen
260 _aPretoria
_bDaan Retief uitgewers
_c1991
300 _a283 Pages;
_c21 cm.
942 _cBK
_2ddc
_y245
_zIzakina Blanche
999 _c216250
_d216251